000
00302nam a2200121Ia 4500
005
20251222152632.0
008
251222s9999||||xx |||||||||||||| ||spa||
082
_a
330/O38
100
_a
Ojeda Marín, Alfonso
245
0
_a
Estado Social y Crisis Económica
264
_b
Complutense S.A.
942
_c
LIB
999
_c
27784
_d
27784